Film préféré selon la personnalité - Statistiques

Statistiques générales
  • Ce quiz a été pris 39 fois
  • Le résultat moyen est 8 sur 20
Statistiques - réponses
Hint Réponse % Correct
c'est tarpin long, tu t'es endormi pendant le film, mais tu as trente ans et tu te souviens de l'excitation que t'as eu pendant la scène dans la voiture... oui il y avait assez de place sur la planche mais arrête d'en parler à chaque fois Titanic
83%
tu as des problèmes de violence et tu te bats souvent sous alcool, tu répètes souvent des phrases cultes du film mais tes potes qui ne l'ont pas vu ne comprennent pas et veulent te frapper Fight Club
69%
non là t'es beaucoup trop beauf c'est même plus drôle, on est en 2024 y'a eu pleins d'autres films depuis, même dujardin l'as oublié donc par pitié grandi Brice de Nice
67%
t'aimes la musique et les images mais t'es nul en physique donc t'as rien compris au film, mais t'es persuadé d'avoir tout saisi parce que y'a une boucle temporel ! mais quand t'essayes de l'expliquer à tes gosses tu te rends compte que t'as rien compris au truc avec la montre Interstellar
61%
tu es certainement portugais, tu préfères ta vieille GTI à tes enfants et tu te laves rarement les mains en sortant des toilettes et tu appelles ta femme "bobonne" Fast and Furious
50%
arrête de parler de ce film et va prendre une douche et toucher de l'herbe je t'en supplie, oui c'est comme dans les bouquins et oui il crie vraiment quand il met un coup de pied dans le casque ON LE SAIT TOUS Le Seigneur des Anneaux
50%
t'es soit dépressif soit historien, mais dans tous les cas, avoir comme film préféré 3h15 d'atrocité et de crime contre l'humanité, tu dois absolument consulter un spécialiste La Liste de Schindler
44%
père de famille de classe moyenne haute, regarde pas beaucoup de films mais celui-ci t'a marqué : "c'était impressionnant pour l'époque" Avatar
39%
tu passes tes soirées à crier "what's in the box ?" en allant voir tout le monde, alors que tu ne connais personne et que tu n'étais pas invité de base, tu répète à chaque fois que t'avais anticipé la fin mais personne n'a vu le film donc tu passes pour un malade mental Seven
39%
???? t'es juste trop louche gars et on sait tous que c'est pas pour la "performance de Edward Norton" American History X
33%
t'adores ce film juste parce que y'a cluzet, quand les gens te disent que c'est triste tu ne comprends pas parce que la fin ne t'as pas marqué, donc tu comble en faisant des imitations de cluzet Les Petits Mouchoirs
33%
mec de cité, simple, tu t'autopersuades que le film est inspiré de toi alors que ton "little friend" n'est pas une arme mais Wilfried, un nain sympa mais agressif Scarface
31%
tu connais les répliques par coeur, parce que tous les fans connaissent les répliques par coeur, t'étais sûrement pas né quand c'est sorti au cinéma mais tu maintiens que tu connais toutes les répliques cultes, le film est super drôle et je sais pas si je l'ai déjà dit mais tu connais les répliques par coeur La Cité de La Peur
25%
ok t'es beauf, ok ta famille en a marre que tu te ramène à chaque dîner de famille avec un marcel "dog hot dog", mais tu t'en fous parce qu'ils ne comprendront jamais Camping
22%
tu mises sur le fait que personne n'a vu ce film et tu espère passer pour un puriste auprès de tous, tu utilise des mots comme "avant gardiste" pour parler du film parce que tu l'as lu sur des blogs Citizen Kane
22%
on sait très bien que tu n'as pas vu le film parce que tu détestes les comédies romantiques, tu veux juste plaire à n'importe quelle petite princesse en fac de droit, et ça marche ! personne ne t'en veux, roi Love Actually
19%
c'est au cinquième visionnage que tu as enfin compris tous les termes, tu fais des études en école de commerce donc "c'est ton truc", t'as souvent envie de réexpliquer le film à des gens qui l'ont déjà vu, tout ça en gardant tes airpods dans tes oreilles The Big Short
19%
oui on a compris que tu détestais les hommes vu que tu en parles à chaque tweet, c'est toi qui amène les débats ciné pour pouvoir parler de ce film et rappeler à quel point amy dune est une queen et que toutes les femmes devrait faire pareil Gone Girl
17%
t'es très certainement nostalgique et tu pleures à chaque fois que tu les vois courir sur la plage dans la neige, tu repenses à tous ces moments qui valait la peine d'être vécus et que tu revivrais volontiers, aller essuie moi cette larme, ça va aller mon grand Eternal Sunshine of the Spotless Mind
14%
t'étais petit quand tu l'as vu et c'était super drôle, mais le remate pas, ça a mal vieilli et ils ont fait un 2, ils ont essayé de faire un 2 sans Marie Joël... Par contre le dit pas en public parce que personne te prends au sérieux La Tour Montparnasse Infernale
14%
Aucun quiz correspondant
Distribution des résultats
% des personnes avec chaque résultat
Percentile par nombre de réponses
Votre historique - résultats
Vous n’avez pas pris ce quiz